[Event "EU-chT 22nd"]
[Site "Batumi"]
[Date "2019.10.27"]
[Round "4.12"]
[White "Schandorff, Lars"]
[Black "Notkevich, Benjamin Arvola"]
[Result "1/2-1/2"]
[WhiteElo "2496"]
[BlackElo "2494"]
[PlyCount "225"]
[EventDate "2019.10.24"]
[EventType "team-swiss"]
[EventRounds "9"]
[EventCountry "GEO"]
[SourceTitle "CBM 193"]
[Source "ChessBase"]
[SourceDate "2019.12.31"]
[SourceVersion "1"]
[SourceVersionDate "2019.12.31"]
[SourceQuality "1"]
[WhiteTeam "Denmark"]
[BlackTeam "Norway"]
[WhiteTeamCountry "DEN"]
[BlackTeamCountry "NOR"]

1. Nf3 Nf6 2. c4 g6 3. Nc3 Bg7 4. e4 d6 5. d4 0-0 6. Be2 e5 7. d5 a5 8. Bg5 Na6 9. Nd2 h6 10. Bh4 Nc5 11. 0-0 Bd7 12. b3 Qe8 13. a3 Nh7 14. b4 Na4 15. Nxa4 Bxa4 16. Qb1 h5 17. f3 Bh6 18. Qd3 axb4 19. axb4 c6 20. dxc6 Qxc6 21. Rfb1 Ng5 22. Bf2 Ne6 23. g3 b5 24. Nb3 Rab8 25. Na5 Qc7 26. Ra2 Rfc8 27. cxb5 Bxb5 28. Qd1 Bxe2 29. Qxe2 Qc3 30. Rb3 Nd4 31. Bxd4 Qxd4+ 32. Kg2 Rxb4 33. Rc2 Rxc2 34. Qxc2 Rxb3 35. Nxb3 Qb4 36. Nc1 Be3 37. Nd3 Qa3 38. Qe2 Bd4 39. Nf2 Qa1 40. Nd1 Kg7 41. Ne3 Qc1 42. Nd5 Bc5 43. Ne7 Qg1+ 44. Kh3 Qc1 45. Kg2 Qb1 46. Nd5 Qc1 47. Ne7 Bd4 48. Nd5 Kh6 49. Ne7 h4 50. g4 Be3 51. Nd5 Bd2 52. Ne7 Kg5 53. Nd5 Bf4 54. Qf2 Qc5 55. Qe2 Qd4 56. Qc2 Kh6 57. Qe2 Bd2 58. Ne7 Kg5 59. Nd5 Bc1 60. Qc2 Qc5 61. Qe2 Bf4 62. Ne7 Kf6 63. Nd5+ Kg7 64. Ne7 Bg5 65. Nd5 Qc1 66. Nb4 Kf8 67. Nd5 Qc5 68. Qd3 h3+ 69. Kxh3 Qf2 70. Qd1 Bd2 71. Nc7 Ke7 72. Nd5+ Ke6 73. Nc7+ Kf6 74. Nd5+ Kg5 75. Nc7 Bf4 76. Qh1 Bd2 77. Qd1 Bf4 78. Qh1 Bxh2 79. Qxh2 Qxf3+ 80. Qg3 Qh1+ 81. Qh2 Qf3+ 82. Qg3 Qh1+ 83. Qh2 Qxe4 84. Qd2+ Qf4 85. Qxd6 Qxg4+ 86. Kh2 Qf4+ 87. Kg2 Qe4+ 88. Kg3 Qe3+ 89. Kg2 Qe2+ 90. Kg3 Qe1+ 91. Kg2 Qe2+ 92. Kg3 Qe3+ 93. Kg2 Kh4 94. Qf6+ Qg5+ 95. Qxg5+ Kxg5 96. Kf3 f5 97. Nd5 Kh4 98. Ne3 Kg5 99. Nd5 Kh6 100. Nf6 g5 101. Nd7 e4+ 102. Ke3 Kg6 103. Ne5+ Kh5 104. Nc6 Kh4 105. Nd4 Kg4 106. Ne6 Kh5 107. Nd4 Kg6 108. Ne6 Kf6 109. Nd4 Ke5 110. Nc6+ Kd5 111. Ne7+ Ke6 112. Nc6 g4 113. Kf4 1/2-1/2

[Event "EU-chT 22nd"]
[Site "Batumi"]
[Date "2019.10.25"]
[Round "2.9"]
[White "Schandorff, Lars"]
[Black "Pert, Nicholas"]
[Result "1/2-1/2"]
[WhiteElo "2496"]
[BlackElo "2557"]
[PlyCount "66"]
[EventDate "2019.10.24"]
[EventType "team-swiss"]
[EventRounds "9"]
[EventCountry "GEO"]
[SourceTitle "CBM 193"]
[Source "ChessBase"]
[SourceDate "2019.12.31"]
[SourceVersion "1"]
[SourceVersionDate "2019.12.31"]
[SourceQuality "1"]
[WhiteTeam "Denmark"]
[BlackTeam "England"]
[WhiteTeamCountry "DEN"]
[BlackTeamCountry "ENG"]

1. d4 d5 2. c4 c6 3. cxd5 cxd5 4. Bf4 Nf6 5. Nc3 Nc6 6. e3 Bg4 7. Qb3 Na5 8. Qa4+ Bd7 9. Bb5 e6 10. Nf3 a6 11. Bxd7+ Nxd7 12. 0-0 b5 13. Qd1 Be7 14. a4 b4 15. Ne2 0-0 16. Rc1 Rc8 17. Qd3 Qb6 18. b3 Qb7 19. h3 Rxc1 20. Rxc1 Rc8 21. Rc2 Rc6 22. Kf1 Qc8 23. Rxc6 Qxc6 24. Ne5 Nxe5 25. Bxe5 g6 26. Ke1 Kf8 27. Kd1 Ke8 28. Qc2 Kd7 29. Qxc6+ Nxc6 30. Bg3 f6 31. f3 e5 32. dxe5 fxe5 33. e4 Ke6 1/2-1/2

[Event "Gothenburg Kvibergspelen 09"]
[Site "Gothenburg"]
[Date "2019.09.28"]
[Round "5"]
[White "Schandorff, Lars"]
[Black "Pantzar, Milton"]
[Result "1/2-1/2"]
[WhiteElo "2496"]
[BlackElo "2376"]
[PlyCount "67"]
[EventDate "2019.09.27"]
[EventType "swiss"]
[EventRounds "8"]
[EventCountry "SWE"]
[SourceTitle "EXT 2020"]
[Source "ChessBase"]
[SourceDate "2019.10.17"]
[SourceVersion "1"]
[SourceVersionDate "2019.10.17"]
[SourceQuality "1"]

1. Nf3 d5 2. e3 Nf6 3. c4 c6 4. Nc3 e6 5. b3 Bd6 6. Bb2 Nbd7 7. d4 b6 8. Bd3 Bb7 9. 0-0 0-0 10. Rc1 Qe7 11. Re1 Rac8 12. cxd5 cxd5 13. Re2 a6 14. Rec2 b5 15. a4 b4 16. Ne2 Ne4 17. Ng3 f5 18. Qf1 Rxc2 19. Rxc2 Ra8 20. Ne2 a5 21. Bb5 Rc8 22. Rxc8+ Bxc8 23. Qc1 Bb7 24. Nf4 Nf8 25. Nd3 Qc7 26. Qxc7 Bxc7 27. Nc5 Bc8 28. Kf1 Kf7 29. Ke2 Ke7 30. g3 Nd7 31. Nxd7 Bxd7 32. Bd3 Bc8 33. Ne1 g5 34. f3 1/2-1/2

[Event "DEN-ch blitz Gp2"]
[Site "Svendborg"]
[Date "2019.04.19"]
[Round "6"]
[White "Schandorff, Lars"]
[Black "Jorgensen, Brian"]
[Result "0-1"]
[WhiteElo "2517"]
[BlackElo "2255"]
[PlyCount "67"]
[EventDate "2019.04.19"]
[EventType "tourn (blitz)"]
[EventRounds "7"]
[EventCountry "DEN"]
[SourceTitle "EXT 2020"]
[Source "ChessBase"]
[SourceDate "2019.10.17"]
[SourceVersion "1"]
[SourceVersionDate "2019.10.17"]
[SourceQuality "1"]

1. Nf3 Nf6 2. g3 d5 3. Bg2 c5 4. 0-0 Nc6 5. d4 e6 6. c4 Be7 7. cxd5 exd5 8. dxc5 Bxc5 9. a3 0-0 10. b4 Be7 11. Bb2 Re8 12. Nc3 a6 13. Rc1 Bg4 14. Na4 Ne4 15. Nc5 Nxc5 16. bxc5 Bf6 17. Bxf6 Qxf6 18. Re1 Rad8 19. Qd2 d4 20. Rb1 Rd7 21. h3 Bf5 22. Rb6 Be4 23. Qf4 Qe7 24. Rc1 h6 25. h4 Bg6 26. Kh2 Qd8 27. Bf1 Re4 28. Qd2 Bh5 29. Bg2 Rde7 30. Ng1 R4e6 31. Rcb1 Bxe2 32. Rxb7 Bb5 33. Rxe7 Qxe7 34. Qf4 0-1

[Event "DEN-ch blitz Gp2"]
[Site "Svendborg"]
[Date "2019.04.19"]
[Round "4"]
[White "Skytte, Rasmus"]
[Black "Schandorff, Lars"]
[Result "1/2-1/2"]
[WhiteElo "2430"]
[BlackElo "2517"]
[PlyCount "59"]
[EventDate "2019.04.19"]
[EventType "tourn (blitz)"]
[EventRounds "7"]
[EventCountry "DEN"]
[SourceTitle "EXT 2020"]
[Source "ChessBase"]
[SourceDate "2019.10.17"]
[SourceVersion "1"]
[SourceVersionDate "2019.10.17"]
[SourceQuality "1"]

1. e4 c5 2. Nc3 Nc6 3. Bb5 Nd4 4. Bc4 e6 5. Nf3 Ne7 6. 0-0 Nec6 7. Nxd4 cxd4 8. Ne2 Be7 9. d3 0-0 10. Ng3 d5 11. exd5 exd5 12. Bb3 Na5 13. Re1 Be6 14. Qh5 Qd7 15. Bg5 Bb4 16. Bf6 gxf6 17. Qh6 Bg4 18. h3 Bxe1 19. hxg4 Bxf2+ 20. Kxf2 Qxg4 21. Nh5 Qg6 22. Nxf6+ Kh8 23. Qf4 Nxb3 24. Rh1 Nc5 25. Rxh7+ Qxh7 26. Nxh7 Kxh7 27. Qf5+ Kg7 28. Qg5+ Kh7 29. Qh5+ Kg7 30. Qg5+ 1/2-1/2